000 00444nam a22001697a 4500
005 20251108165533.0
008 250721s1963 xx 000 0 ara d
082 1 4 _aم/211.1/قرآ
245 1 0 _aقرآن كريم /
250 _aط2
264 1 _aالكويت :
_bمطبعة حكومة الكويت،
_c1963.
300 _a827ص
650 1 7 _aالقرآن الكريم
650 1 7 _aالمصاحف
942 _2ddc
_cREF
999 _c30229
_d30229